[Event "Novgorod op"]
[Site "Novgorod"]
[Date "1995.??.??"]
[Round "8"]
[White "Dvoirys, Semen I"]
[Black "Svidler, Peter"]
[Result "1-0"]
[WhiteElo "2550"]
[BlackElo "2585"]
[Annotator "Dolmatov,S"]
[PlyCount "71"]
[EventDate "1995.05.??"]
[EventType "swiss"]
[EventRounds "9"]
[EventCountry "RUS"]
[SourceTitle "EXT 2000"]
[Source "ChessBase"]
[SourceDate "1999.11.16"]
[SourceVersion "1"]
[SourceVersionDate "1999.11.16"]
[SourceQuality "1"]

1. e4 Nf6 2. e5 Nd5 3. d4 d6 4. c4 Nb6 5. exd6 cxd6 (5... exd6 6. Nc3 Be7 7. h3
O-O 8. Nf3 Bf6 9. Be2 Re8 10. O-O Nc6 11. b3 Bf5 12. Be3 $14 {Sigurjonsson,
G-Rogoff,K/Haifa/1970/}) 6. Nc3 (6. Nf3 g6 7. Be2 Bg7 8. O-O O-O $132) 6... g6
7. d5 Bg7 8. Nge2 O-O (8... Nxc4 $4 9. Qa4+ $18) 9. Nd4 e5 10. dxe6 Bxe6 (10...
fxe6 $5 11. Be2 Nc6 12. Nxc6 bxc6 13. O-O d5 $132) 11. Nxe6 Qe7 (11... fxe6 $6
12. Be2 Nc6 13. O-O $14) 12. Be2 Qxe6 13. O-O Nc6 (13... Nxc4 $2 14. Nd5 Rc8
15. Re1 (15. Bg5 $6 Nxb2 16. Qb3 Nc6) 15... Ne5 16. f4 $40) 14. Nb5 Rad8 15.
Re1 Qf6 (15... Nxc4 16. Bf1 N4e5 17. f4 a6 18. Nc3 Nd4 19. fxe5 dxe5 $16) (
15... Rfe8 $2 16. Nc7 $18) 16. Rb1 d5 (16... a6 17. Nc7 Rd7 18. Nd5 Nxd5 19.
Qxd5 $14) 17. c5 Nc4 18. b3 N4e5 19. f4 $6 (19. Bb2 $5 d4 20. Qd2 Rfe8) 19...
Nd7 20. b4 b6 $2 (20... a6 $1 21. Nd6 (21. Nc7 Qd4+ 22. Qxd4 Bxd4+ 23. Kh1 Nf6
$40) 21... Nxb4 $1 22. Rxb4 Qc3 $40) 21. Qxd5 Nxc5 22. Qc4 Na4 (22... a6 23.
Bb2 $8 (23. bxc5 $2 axb5 24. Rxb5 Qc3 $40) 23... axb5 24. Bxf6 bxc4 25. Bxd8
Bd4+ 26. Kh1 Ne4 27. Bh4 Nd2 28. Rbd1 c3 $14) 23. Bf3 Rc8 24. Qb3 a6 25. Qxa4
axb5 26. Qxb5 Nd4 27. Qf1 Rfe8 (27... Rfd8 $5 $44) 28. Bd2 Rxe1 29. Rxe1 Qd6
30. Rd1 Rc2 $2 (30... Nxf3+ $5 31. Qxf3 Rd8 $17) 31. Be4 Rxa2 32. Kh1 (32. Bc3
$2 Ne2+ $15) 32... Qe6 33. Bd3 $13 Qc6 34. b5 Qb7 35. Bc4 Rb2 $4 (35... Rc2 36.
Be3 Nf5 37. Bg1 $14) 36. Bc3 1-0

[Event "Balatonbereny GM"]
[Site "Balatonbereny"]
[Date "1996.??.??"]
[Round "9"]
[White "Wach, Markus"]
[Black "Varga, Zoltan"]
[Result "1-0"]
[WhiteElo "2380"]
[BlackElo "2540"]
[Annotator "Donev,I"]
[PlyCount "115"]
[EventDate "1996.06.13"]
[EventType "tourn"]
[EventRounds "11"]
[EventCountry "HUN"]
[EventCategory "11"]
[SourceTitle "CBM 055"]
[Source "ChessBase"]
[SourceDate "1996.12.01"]
[SourceVersion "1"]
[SourceVersionDate "1996.12.01"]
[SourceQuality "1"]

1. e4 Nf6 2. e5 Nd5 3. d4 d6 4. c4 Nb6 5. exd6 exd6 6. Nc3 Be7 7. h3 O-O 8. Nf3
Bf5 9. Be2 c5 (9... Nc6 10. d5 Ne5 11. Nd4 Bg6 12. b3 Bf6 13. O-O Re8 14. Be3
$14 (14. f4 Nd3 $1)) 10. O-O Nc6 11. Be3 Rc8 12. d5 $14 {Bei dem weißen
Raumvorteil hat das schwarze Springerpaar wenig Platz.} Nb8 (12... Ne5 13. Nxe5
dxe5 14. f4 exf4 15. Bxf4 Bf6 16. Qd2 Bd4+ 17. Kh2 Qf6 $13) 13. Bd3 Bg6 14. Bf4
Re8 15. Re1 $16 a6 16. Bxg6 hxg6 17. Qd3 N8d7 18. b3 Nf6 19. Ne4 Qd7 {/\Ne4
nebst Qf5} 20. Nfd2 Nxe4 21. Nxe4 {[%cal Yd3g3,Yg3d6] /\Qg3} f5 22. Ng5 Bxg5
23. Bxg5 Rxe1+ 24. Rxe1 Re8 25. Re3 Nc8 26. a4 Kf7 27. f3 Rxe3 28. Qxe3 Nb6 29.
Qe1 Na8 30. a5 Nc7 31. Qh4 Qe8 32. Qg3 Qd7 33. Kf2 Ne8 34. Qh4 Qc7 35. Bd8 Qd7
36. g4 Kf8 37. Ke3 fxg4 38. hxg4 Kf7 39. Kd3 Kf8 40. Ke3 Kf7 41. Kf2 Kf8 42.
Kg3 Kf7 43. f4 Kf8 44. f5 gxf5 45. gxf5 Kg8 46. Kf4 Qf7 47. Be7 Nf6 48. Bxd6
Qe8 49. Kf3 (49. Be5 $2 Nh5+ 50. Ke4 Nf6+ 51. Kf4 Nh5+ $10) 49... Kf7 50. Bg3
Qd8 51. Be1 Qd7 52. Qf4 g6 53. Bc3 gxf5 54. Qh6 Ne4 55. Qg7+ Ke8 56. Qg8+ Ke7
57. Be5 Qe8 58. Qe6+ 1-0

[Event "Interzonal-09b"]
[Site "Petropolis"]
[Date "1973.08.07"]
[Round "11"]
[White "Bronstein, David Ionovich"]
[Black "Ljubojevic, Ljubomir"]
[Result "1-0"]
[WhiteElo "2585"]
[BlackElo "2570"]
[Annotator "Donev,I"]
[PlyCount "81"]
[EventDate "1973.07.23"]
[EventType "tourn"]
[EventRounds "17"]
[EventCountry "BRA"]
[EventCategory "12"]
[SourceTitle "100 Jahre Schach"]
[Source "ChessBase"]
[SourceDate "2000.04.19"]
[SourceVersion "1"]
[SourceVersionDate "2000.04.19"]
[SourceQuality "1"]

1. e4 Nf6 2. e5 Nd5 3. d4 d6 4. c4 Nb6 5. f4 dxe5 6. fxe5 c5 7. d5 e6 8. Nc3
exd5 9. cxd5 c4 10. Nf3 Bg4 11. Qd4 Bxf3 12. gxf3 Bb4 (12... Nc6 13. Qe4 Nb4
14. e6 $1) 13. Bxc4 {Praktisch ist Weiß gezwungen den Bauern c4 zu nehmen.} O-O
{Schwarz beeilt sich seinen König zu verstecken und gleichzeitig Platz für die
Türme auf den Zentrallinien zu machen, um den weißen Monarchen anzugreifen.}
14. Rg1 {Weiß hat einen Bauern mehr und ein starkes Bauernzentrum, aber auch
einige Probleme: Wie soll er seinen König verstecken und wie kann er die
kommenden Schläge auf die hängenden weißen Zentralbauern vermeiden?} g6 15. Bg5
(15. Bh6 Nc6 16. Qe4 Nxe5 $1 17. Bxf8 Qxf8 18. Bb5 Qc5 $19 {[%cal Yc5g1,Yb4c3]}
) (15. Bb3 $2 Nc6 16. Qe4 Nxe5 $1) 15... Qc7 {Schwarz hat zwei starke
Drohungen vorbereitet - den Läufer auf c4 zu nehmen und mittels des Zuges Bc5
einen ganzen Turm zu gewinnen. Die beiden Drohungen kann man nur mit dem
unschönen Zug Rg4 neutralisieren. Aber dem extravaganten ,,fast" Weltmeister 
(12-12 gegen Botvinnik!) passen scharfe taktische Stellungen besser.} 16. Bb3
$1 Bc5 17. Qf4 Bxg1 (17... N8d7 18. d6 Qc6 19. O-O-O Bxg1 20. Rxg1 Qc5 21. Re1
Rae8 22. e6 $1 $18) 18. d6 Qc8 $2 {Ein Fehler den Ljuboevic nach der Partie
erkannte und nach 6 Jahren verbessern konnte:} (18... Qc5 $142 $1 19. Ne4 Qd4 (
19... Qe3+ $2 20. Qxe3 Bxe3 21. Bxe3 Nc6 22. f4 $16) 20. Rd1 Qxb2 21. e6 N8d7
22. e7 Qxh2 23. exf8=Q+ Rxf8 24. Qxh2 Bxh2 {0-1 Gruenfeld,Y-Ljubojevic,L/Riga
1979/IZT (37)}) 19. Ke2 $6 {Der Anziehende verzichtet auf die Rochade um das
Feld c1 für den Turm zu behalten und den Springer c3 frei zu haben. Wie die
Partie gezeigt hat, ist diese Idee sehr gefährlich.} (19. O-O-O $142 $1) 19...
Bc5 $2 {Nach diesem Fehler wird der weiße Angriff schrecklich. Schwarz sollte
versuchen:} (19... Qc5 $142 $5 20. e6 $140 (20. Ne4 Qb5+ $19) 20... N8d7 $1 21.
exf7+ Kg7 22. Bh6+ Kh8 $19) 20. Ne4 {[%mdl 128]} N8d7 21. Rc1 Qc6 22. Rxc5 $1 {
Auf diese Weise wird der Verteidiger des Punktes f6 ( Nd7) abgelenkt.} Nxc5 23.
Nf6+ Kh8 24. Qh4 {[%cal Yh4h7,Yf6h7]} Qb5+ 25. Ke3 $1 h5 26. Nxh5 {Es ist der
Zeitpunkt gekommen, zu dem der Nachziehende seinen Materialvorteil mit Zinsen
zurückgeben muss, aber trotzdem kann ihn das nicht retten.} Qxb3+ (26... Qd3+
27. Kf2 {Es gibt kein Dauerschach.} Ne4+ 28. fxe4 Qd4+ 29. Kf1 Qd3+ 30. Ke1
Qb1+ 31. Bd1 $18) 27. axb3 Nd5+ 28. Kd4 $1 Ne6+ 29. Kxd5 $1 Nxg5 30. Nf6+ Kg7
31. Qxg5 Rfd8 32. e6 fxe6+ 33. Kxe6 Rf8 34. d7 a5 35. Ng4 Ra6+ 36. Ke5 Rf5+ 37.
Qxf5 gxf5 38. d8=Q fxg4 39. Qd7+ Kh6 40. Qxb7 Rg6 41. f4 1-0

[Event "AUT-chT3 9798"]
[Site "Vorarlberg "]
[Date "1998.01.30"]
[Round "7"]
[White "Donev, Ivo Hristov"]
[Black "Novkovic, Milan"]
[Result "1/2-1/2"]
[WhiteElo "2420"]
[BlackElo "2400"]
[Annotator "Donev,I"]
[PlyCount "114"]
[EventDate "1997.??.??"]
[EventType "team-tourn"]
[EventRounds "9"]
[EventCountry "AUT"]
[SourceTitle "EXT 1999"]
[Source "ChessBase"]
[SourceDate "1998.11.16"]
[SourceVersion "1"]
[SourceVersionDate "1998.11.16"]
[SourceQuality "1"]

1. e4 Nf6 2. e5 Nd5 3. d4 d6 4. c4 Nb6 5. exd6 cxd6 6. Nc3 g6 7. Bd3 Bg7 8.
Nge2 Nc6 9. Be3 O-O 10. d5 Ne5 11. b3 Nxd3+ 12. Qxd3 {Donev: 'Es ist selten,
daß aus der Aljechin Eröffnung durch den Bauernaufbau (nach dem Abtausch c für
e) eine Art Königsindisches Mittelspiel entsteht. Weiß hat Raumvorteil, aber
dafür hat der Nachziehende das Läuferpaar. Es ist selbstvertändlich daß der
Weiße versucht, den schwarzfeldrigen Läufer zu tauschen.(/\Bd4). Der schwarze
Springer steht schlecht, darum verbessert der Nachziehende seine Lage.'} Nd7 {
'!' Donev.} 13. O-O Nf6 {'!' Donev. Donev: 'Jetzt hat der Nachziehende 2
Möglichkeiten die weißen Bauern zu untergraben: a) b7-b5 vorzubereiten b) oder
e7-e6 durchzuführen '} 14. Rad1 ({Bei gemeinsamer Analyse mit GM J.Pinter
haben wir festgestellt, daß nach:} 14. Bd4 $1 {/\a4-a5} Bf5 (14... Bd7 15. Rfe1
a6 16. a4 Qc7 17. Ng3 e5 18. dxe6 fxe6 19. Nce4 $16) 15. Qd2 $14 {/\Ng3 Weiß
einen kleinen aber dauerhaften positionellen Vorteil hat.}) 14... Bd7 15. Nd4
Re8 16. Rfe1 Qa5 17. Re2 a6 18. Bd2 Qc5 19. Be3 Qa5 20. Bd2 Qc5 21. Be3 Qa5 {
Donev: Die Zugwiderholungen habe ich gemacht, um Zeit zu sparen.} 22. a4 {
Donev: 'gegen b7-b5 gerichtet.'} Rac8 23. h3 {Donev: 'Auf der einen Seite
vermeide ich Ng4, auf der andere Seite besorgt dieser Zug dem weißen König ein
Luftloch.'} e5 24. dxe6 fxe6 25. Qd2 Qc7 26. Rc1 (26. Nf3 Bc6 (26... b5 27.
axb5 axb5 28. Nxb5 Bxb5 29. cxb5 Ne4 30. Qb4 Qb7 31. Bd2 Nxd2 32. Nxd2 d5 33.
b6 $14) 27. Qxd6 Qxd6 28. Rxd6 Nh5 29. Na2 Bf8 30. Rd1 $14) 26... d5 27. cxd5
exd5 {Donev: 'Schwar muß mit dem Mittelspielergebnis zufrieden sein.Er hat
einen zentralisierten Freibauer bekommen und seine Figuren gut platziert. Auf
der andere Seite steht Weiß auch nicht schlecht. Er hat einen wunderbaren
Springer der gut den Bauern d5 blockiert. Man kann sagen, daß die Stellung im
dynamischen Gleichgewicht ist.'} (27... Nxd5 $5 28. Nxd5 Qxc1+ 29. Qxc1 Rxc1+
30. Bxc1 exd5 31. Rxe8+ Bxe8 32. Be3 $11) 28. Ree1 Qa5 (28... Qd6 29. Qd1 Qb4
30. Nde2 Be6 $10 (30... Be6 31. Bd4 Qd6 32. Kh1 Bf5 $10)) 29. Red1 (29. Nf3 Be6
(29... Kh8 30. Bd4 $14) 30. Bd4 Nh5 31. Bxg7 Nxg7 32. Nd4 Bd7 $14) 29... Qb4
30. Ne4 Qxd2 31. Nxd2 Kf7 32. Ne2 Bf5 33. Nd4 Bd7 34. N2f3 Ne4 35. Rxc8 Rxc8
36. Rc1 Rxc1+ 37. Bxc1 {Donev: 'Die Stellung hat sich stark vereinfacht, es
ist schwer zu sehen wie eine Seite in Vorteil kommen kann.'} h6 38. Bf4 g5 39.
Be5 {Donev: 'Immer noch versucht der Anziehende den schwarzfarbigen Läufer zu
tauschen. Wenn das gelingt, bekommt er Gewinnchancen.'} Bf8 {'!' Donev.} 40.
Ne1 Nc5 41. Nec2 h5 42. Kf1 Nd3 43. Bc7 Bg7 44. Ke2 Nc5 45. Bb6 Ne6 46. Nxe6
Bxe6 47. Kd2 g4 48. hxg4 (48. h4 Bf6 49. g3 Bf5) 48... Bxg4 49. Bd4 Bf8 50. Ne3
(50. g3 Be7 51. Kc3 h4 52. gxh4 Bxh4 53. Kb4) 50... Bh6 51. Kc3 Bxe3 52. Bxe3
Bd1 53. a5 Ke6 54. b4 Ke5 55. Bb6 Be2 56. g3 Ke4 57. Bd4 Bb5 1/2-1/2

[Event "AUT-chT"]
[Site "Austria"]
[Date "1994.??.??"]
[Round "?"]
[White "Donev, Ivo Hristov"]
[Black "Bischoff, Klaus"]
[Result "1/2-1/2"]
[WhiteElo "2410"]
[BlackElo "2515"]
[Annotator "Donev,I"]
[PlyCount "37"]
[EventDate "1994.??.??"]
[EventType "team"]
[EventRounds "11"]
[EventCountry "AUT"]
[SourceTitle "CBM 038"]
[Source "ChessBase"]
[SourceDate "1994.02.01"]
[SourceVersion "1"]
[SourceVersionDate "1994.02.01"]
[SourceQuality "1"]

1. e4 Nf6 2. e5 Nd5 3. d4 d6 4. c4 Nb6 5. exd6 exd6 6. Nc3 Be7 7. Be3 O-O 8.
Qd2 $146 {8.Be2 - Gipslis,A-Larsen,B izt 1967 inf 4/167} Nc6 9. O-O-O Re8 10.
h3 (10. c5 $5 dxc5 (10... Nd7 11. Nf3 Nf6 12. Bb5 $14) 11. dxc5 Qxd2+ 12. Rxd2
Nd7 13. Nd5 Bd8 14. Nf3 Nf6 15. Nxf6+ Bxf6 16. Bb5 $14 {/\ Rhd1}) 10... d5 11.
c5 $8 Nc4 12. Bxc4 dxc4 13. Qe2 (13. Nf3 $5 Bf5 (13... Nb4 14. Ne5 Bf5 15. g4
Nd3+ 16. Kb1 Nxe5+ 17. gxf5 Nd3 18. b3 $14) 14. g4 Bg6 (14... Bd3 15. Ne1 Nxd4
(15... Nb4 $2 16. a3 $16) 16. Nxd3 cxd3 17. Qxd3 Ne6 18. Qc4 $14) 15. h4 Nb4
16. h5 Bd3 (16... Nd3+ $2 17. Kb1 Nxf2+ 18. hxg6 $16) 17. Ne5 Bf6 18. f4 $14 {
Bischoff,K}) 13... Bf5 (13... Na5 14. Nf3 {/\ Ne5}) 14. Qxc4 Bg5 $8 15. Nf3 (
15. Bxg5 $2 Qxg5+ 16. Rd2 Qxg2 17. Qd5 Re1+ 18. Rd1 Qg5+ $19) 15... Rxe3 $1 (
15... Bxe3+ 16. fxe3 Rxe3 17. Rhe1 $13) 16. fxe3 (16. Nxg5 $2 Rxc3+ 17. Qxc3
Qxg5+ $19) 16... Bxe3+ 17. Rd2 (17. Nd2 $5 Qxd4 18. Qxd4 Nxd4 $44) 17... Bxd2+
18. Kxd2 Be6 $1 19. Qd3 (19. Qd3 Nb4 20. Qb5 $10) 1/2-1/2

[Event "Moscow Aeroflot op"]
[Site "Moscow"]
[Date "2002.02.10"]
[Round "9"]
[White "Isaev, Jamshed"]
[Black "Zilberman, Yaacov"]
[Result "1/2-1/2"]
[WhiteElo "2455"]
[BlackElo "2466"]
[Annotator "Finkel,A"]
[PlyCount "70"]
[EventDate "2002.02.04"]
[EventType "swiss"]
[EventRounds "9"]
[EventCountry "RUS"]
[SourceTitle "CBM 088"]
[Source "ChessBase"]
[SourceDate "2002.03.21"]
[SourceVersion "1"]
[SourceVersionDate "2002.03.21"]
[SourceQuality "1"]

1. e4 Nf6 2. e5 Nd5 3. d4 d6 4. c4 Nb6 5. f4 $5 {Very dangerous variation for
black! For some reason it's not the most popular line for white, however black
has to be very carefull not to get into the troubles right after the opening.}
Bf5 6. Nc3 e6 7. Be3 dxe5 (7... Na6 8. Qb3 $6 (8. Nf3 c5 9. dxc5 dxc5 10. a3
Qxd1+ 11. Rxd1 Be7 12. Be2 $14 {1/2-1/2 Joppen,E-Trifunovic,P/Belgrade 1954/
MCD (12)}) 8... dxe5 9. c5 exf4 10. Bf2 Nd5 11. Qxb7 Nab4 12. Nxd5 Nxd5 13.
Qc6+ Ke7 $13 {Fichtl,J-Sefc,J/Marianske Lazne 1956/EXT 99}) (7... Be7 8. Bd3 (
8. Nf3 O-O 9. exd6 cxd6 10. b3 d5 11. c5 N6d7 12. Bd3 Bxd3 13. Qxd3 b6 14. cxb6
Qxb6 15. O-O $14 {Ujtumen,T-Fischer,R/Palma de Mallorca 1970/IZT}) 8... dxe5 9.
fxe5 Nc6 10. Nf3 Bg4 11. Rf1 f6 12. exf6 Bxf6 13. Qd2 $13 {1/2-1/2 Minic,
D-Marovic,D/Zagreb 1971/EXT 99 (13)}) 8. fxe5 (8. dxe5 $6 Nc6 9. Nf3 Bb4 10.
Qc1 Bd3 11. b3 Bxf1 12. Kxf1 Qd3+ 13. Ne2 O-O $15 {Seppeur,R-Wolf,V/Germany
1983/GER-chT}) 8... Be7 9. Nf3 (9. Be2 Bg5 10. Qd2 Bxe3 11. Qxe3 Nc6 12. Nf3
O-O 13. h3 f6 14. exf6 Qxf6 15. O-O Nb4 $14 {Kostro,J-Bagirov,V/Polanica Zdroj
1969/MCL}) 9... O-O 10. Bd3 $1 {White's idea is to castle queenside and to
start an actions against black king.} (10. Be2 f6 11. O-O fxe5 12. Nxe5 N8d7
13. Nf3 c6 14. Qd2 Qe8 15. Rae1 $14 {Shianovsky,V-Smyslov,V/Baku 1961/URS-ch})
10... Bxd3 11. Qxd3 Nc6 12. O-O-O a5 13. d5 $1 Nb4 14. Qe4 $1 $16 {White queen
is perfectly placed on e4.} exd5 15. cxd5 Nd7 16. h4 $1 Nc5 (16... Bc5 17. Bf4
h6 18. g4 Qe7 19. h5 $40 {[%cal Gg4g5]}) 17. Qc4 b6 18. Ng5 $5 Qc8 19. Bxc5
Bxc5 (19... bxc5 20. Qe4 g6 21. a3 Na6 22. d6 $16) 20. Qe4 g6 21. Rdf1 {
Black is deprived of any counterplay, so white increases the pressure over the
f-file.} (21. a3 $2 c6 $8 22. axb4 axb4 23. Ne2 cxd5 24. Qd3 Qg4 $40) 21... c6
22. d6 Nd5 23. Rf3 $6 (23. Nxd5 $5 cxd5 24. Qxd5 $18) 23... h6 24. e6 $1 f5 $8
{The only chanse to keep on fighting.} (24... hxg5 25. hxg5 $1 {[%csl Rg8]
[%cal Ge4h4]} Be3+ (25... Kg7 26. Qh4 Rh8 27. Rxf7+ $18) 26. Rxe3 Qxe6 27. Reh3
$1 $18 {[%csl Rg8]}) 25. Qe5 Ra7 26. e7 Nxe7 27. Ne6 $1 $18 {Winning an
exchange.} Nd5 28. Nxf8 Qxf8 29. Nxd5 cxd5 30. Qxd5+ Qf7 31. Qe5 $2 ({There
was nothing wrong with} 31. Rd1 Qxd5 32. Rxd5 Rd7 33. h5 $18 {and black may
just resign!}) 31... Qxa2 32. d7 $2 {After this move the position becomes
absolutely unclear...} (32. h5 $1 $16 Qa1+ $140 33. Kc2 Qxh1 34. Qe8+ Kh7 35.
Qxg6+ Kh8 36. Qxh6+ Kg8 37. Rg3+ $18) 32... Qa1+ 33. Kc2 Qa4+ 34. Kb1 Rxd7 35.
Qe8+ Kg7 $13 1/2-1/2

[Event "RUS-ch KO"]
[Site "Moscow"]
[Date "1999.12.15"]
[Round "1.2"]
[White "Akhmetov, Artiom"]
[Black "Berdichevski, Igor"]
[Result "1-0"]
[WhiteElo "2438"]
[BlackElo "2538"]
[Annotator "Finkel,A"]
[PlyCount "105"]
[EventDate "1999.12.04"]
[EventType "k.o."]
[EventRounds "6"]
[EventCountry "RUS"]
[SourceTitle "CBM 075"]
[Source "ChessBase"]
[SourceDate "2000.04.05"]
[SourceVersion "1"]
[SourceVersionDate "2000.04.05"]
[SourceQuality "1"]

1. e4 Nf6 2. e5 Nd5 3. c4 Nb6 4. d4 d6 5. exd6 $5 {This variation despite of
seeming simplisity is full of poison.} exd6 6. Nc3 Be7 7. Nf3 O-O 8. h3 Bf5 9.
Be2 N8d7 (9... c6 $5 10. O-O Bf6 11. Be3 a5 12. Rc1 d5 13. c5 N6d7 14. Na4 Re8
15. Rc3 Ra7 $132 {Engelbert,C-Agdestein,S/Eikrem mem 1998}) (9... c5 10. O-O
Nc6 11. Be3 Rc8 12. d5 {Bei dem weißen Raumvorteil hat das schwarze
Springerpaar wenig Platz.} Nb8 (12... Ne5 13. Nxe5 dxe5 14. f4 exf4 15. Bxf4
Bf6 16. Qd2 Bd4+ 17. Kh2 Qf6 $13) 13. Bd3 Bg6 14. Bf4 Re8 15. Re1 $16 {Wach,
M-Varga,Z/Balatonbereny 1996}) (9... Nc6 10. d5 Ne5 11. Nd4 Bg6 (11... Bd7 12.
b3 c5 (12... Bf6 13. Bb2 $6 Re8 14. O-O Ng6 15. Qd2 Qe7 16. Rae1 $6 Qe5 17. Nd1
Qf4 $36 {Jurasin,M-Fleck,J/BL 1984 (50)}) 13. dxc6 Nxc6 $5 $132 (13... bxc6 $6
14. O-O Re8 15. Be3 Bf8 16. Qd2 Ng6 17. Rfd1 Qc7 $14 {1/2-1/2 Ciemniak,
R-Matlak,M/POL-chT (Lubniewice) 1993}) 14. O-O Nxd4 15. Qxd4 Bf6 16. Qd2 Bc6 $5
$11 {1/2-1/2 Moskovic,D-Trifunovic,A/Varsity Oxbridge Match 1998}) 12. b3 Bf6
13. O-O Re8 14. Be3 Ned7 15. Qd2 Nc5 $132 {Rogers,I-Loffler,S/Nederland tt
1994 (30)}) (9... Bf6 10. Be3 Nc6 11. Rc1 Re8 12. O-O h6 13. b3 d5 14. c5 Nc8
15. b4 a6 16. Qb3 N8e7 17. Rfd1 $14 {Kundin,A-Lurie,M/ISR-ch U16 1997}) (9...
Bg6 10. Be3 Nc6 11. d5 Ne5 12. Nxe5 dxe5 13. c5 Nc8 14. O-O $14 {Sermek,
D-Leventic,I/6th Metalis Open 1999}) 10. O-O (10. d5 Bf6 11. Nd4 Bxd4 12. Qxd4
Re8 13. Be3 Nc5 14. O-O Ne4 15. Bf3 Nxc3 16. Qxc3 Nd7 17. Rfe1 Qf6 18. Qxf6
Nxf6 $11 {Paal,A-Dede,E/HUN-chT2 9798}) 10... h6 (10... Nf6 11. Be3 Ne4 12.
Nxe4 Bxe4 13. Rc1 Bf6 14. Qd2 Re8 $13 {Chakraborty,K-Cafferty,B/Hastings
Masters 1995}) 11. Re1 Bf6 12. Be3 Rb8 $6 {The purpose of this move is to get
ready for Qb3,but white doesn't have to play this way!} (12... Re8) 13. Qd2 Re8
14. a4 Nc8 (14... c6 15. Bf4 {[%cal Gf4b8]} Nf8 16. c5 Nc8 17. d5 $1 $36) 15.
Nd5 $14 Ne7 (15... Be4 16. Nxf6+ Nxf6 17. d5 a6 18. Bd4 $14 {[%cal Gd2f4,Gf3d2]
}) 16. Nxf6+ Nxf6 17. d5 a6 18. a5 $5 Ng6 19. Ba7 ({More logical seems to me} 
19. Nd4 $5 Bd7 20. Qc2 Ne5 21. Bf1 $14 {[%cal Gb2b5] not permitting black to
exchange the knights.}) 19... Ra8 20. Bd4 Ne5 21. Qf4 $5 (21. Nh2 $5) 21...
Nxf3+ 22. Bxf3 Bg6 23. Rxe8+ (23. b4 $1 Rxe1+ (23... Nd7 24. c5 dxc5 25. bxc5
Rxe1+ 26. Rxe1 Nf8 27. Qe5 $16) 24. Rxe1 Ne8 25. Bb2 $5 $16) 23... Nxe8 24. Re1
{Even though black managed to get rid of the knights the pair of bishops
promise white very comfortable advantage till the end of te game.} Qg5 25. Qxg5
hxg5 26. Be3 $5 (26. Re7 $6 Kf8 27. Rd7 $4 Bf5 $19 {[%csl Rd7]}) 26... f6 27.
g4 $5 {[%csl Re8,Rg6]} Rb8 28. Ba7 Ra8 29. Bd4 Rb8 (29... f5 $6 30. Re7 (30.
gxf5 Bxf5 31. Bg4 Bxg4 32. hxg4 Kf7 33. f3 Nf6 $14) 30... Kf8 31. Rd7 Rc8 32.
c5 $1 dxc5 33. Bxc5+ Kg8 34. Re7 $16) 30. Re3 $1 {[%csl Rb7][%cal Ge3b3,Gd4a7]
Finding a weakness in black's position.} Bc2 {The only way to prevent white
from playing Rb3.} (30... Kf7 $2 31. Rb3 Bc2 32. Rb4 Bd3 33. b3 Bc2 34. Ba7 Ra8
35. Rxb7 Bxb3 36. c5 $18) 31. Rc3 Ba4 32. Be4 $1 $16 c5 (32... Bd7 33. Rb3 Kf7
34. Ba7 Ra8 35. Rxb7 Bc8 36. Rb8 $18) 33. dxc6 Bxc6 (33... bxc6 $6 34. Bb6 c5
35. Re3 Kf8 36. Kg2 $16) 34. Bf5 (34. Bg6 Nc7 35. Re3 Kf8 36. b4 $16) 34... Kf7
35. Re3 Nc7 36. Bb6 Na8 37. Ba7 Re8 (37... Rd8) 38. Rxe8 Kxe8 39. Bb8 $5 {
[%csl Ra8] Frankly speaking I've never seen the knight,which is caught on a8!}
Ke7 ({More chanses of survival would leave} 39... d5 $1) 40. b4 Bd7 41. Bd3 Bc6
42. b5 $18 axb5 (42... Bf3) 43. cxb5 Bd5 44. Bf5 (44. b6 $5) 44... Be6 45. Be4
({Of course not} 45. Bxe6 $2 Kxe6 $13 {[%cal Ge6c4,Gc4b5] with unclear
position.}) 45... d5 46. Bd3 Kd7 47. b6 Kc6 48. f4 gxf4 (48... Kc5 49. fxg5
fxg5 (49... Kb4 50. gxf6 gxf6 51. a6 Bc8 52. Bf5 $18) 50. Bg3 Kd4 51. a6 $1 Bc8
52. Bf5 $18) 49. Bxf4 Nxb6 50. axb6 Kxb6 51. Bd6 g6 52. Bxg6 d4 53. Be4 1-0